The Routledge companion to Black women's cultural histories / (Record no. 31684)
[ view plain ]
| 000 -LEADER | |
|---|---|
| fixed length control field | 02244cam a22003018i 4500 |
| 001 - CONTROL NUMBER | |
| control field | 21720219 |
| 005 - DATE AND TIME OF LATEST TRANSACTION | |
| control field | 20230717112732.0 |
| 008 - FIXED-LENGTH DATA ELEMENTS--GENERAL INFORMATION | |
| fixed length control field | 200916s2021 enk b 001 0 eng |
| 010 ## - LIBRARY OF CONGRESS CONTROL NUMBER | |
| LC control number | 2020041185 |
| 020 ## - INTERNATIONAL STANDARD BOOK NUMBER | |
| International Standard Book Number | 9780367198374 |
| 020 ## - INTERNATIONAL STANDARD BOOK NUMBER | |
| Canceled/invalid ISBN | 9780429243578 |
| 040 ## - CATALOGING SOURCE | |
| Original cataloging agency | DLC |
| Language of cataloging | eng |
| Description conventions | rda |
| Transcribing agency | DLC |
| 042 ## - AUTHENTICATION CODE | |
| Authentication code | pcc |
| 050 00 - LIBRARY OF CONGRESS CALL NUMBER | |
| Classification number | HQ 1163 .R68 2021 |
| 082 00 - DEWEY DECIMAL CLASSIFICATION NUMBER | |
| Classification number | 305.48/896 |
| Edition number | 23 |
| 245 04 - TITLE STATEMENT | |
| Title | The Routledge companion to Black women's cultural histories / |
| Statement of responsibility, etc. | Janell Hobson. |
| 263 ## - PROJECTED PUBLICATION DATE | |
| Projected publication date | 2103 |
| 300 ## - PHYSICAL DESCRIPTION | |
| Extent | pages cm |
| 504 ## - BIBLIOGRAPHY, ETC. NOTE | |
| Bibliography, etc | Includes bibliographical references and index. |
| 520 ## - SUMMARY, ETC. | |
| Summary, etc. | "In the social and cultural histories of women and feminism, Black women have long been overlooked or ignored. The Routledge Companion to Black Women's Cultural Histories is an impressive and comprehensive reference work for contemporary scholarship on the cultural histories of Black women across the diaspora spanning different eras from ancient times into the twenty-first century. Comprising over thirty chapters by a team of international contributors, the Companion is divided into five parts: A Fragmented Past, An Inclusive Future Contested Histories, Subversive Memories Gendered Lives, Racial Frameworks Cultural Shifts, Social Change, Black Identities, Feminist Formations Within these sections a diverse range of women, places and issues are explored including: The Queen of Sheba, Black Women in Early Modern European Art and Culture, Enslaved Muslim Women in the Antebellum United States, Sally Hemings, and Phillis Wheatley, Black women writers in Early 20th Century Paris, Black women, Civil Rights, South African Apartheid, and sexual violence and resistance in the United States in recent history. The Routledge Companion to Black Women's Cultural Histories is essential reading for students and researchers in Gender Studies, History, Africana Studies and Cultural Studies"-- |
| 650 #0 - SUBJECT ADDED ENTRY--TOPICAL TERM | |
| Topical term or geographic name as entry element | Women, Black |
| General subdivision | History. |
| 650 #0 - SUBJECT ADDED ENTRY--TOPICAL TERM | |
| Topical term or geographic name as entry element | Women, Black |
| General subdivision | Social conditions. |
| 650 #0 - SUBJECT ADDED ENTRY--TOPICAL TERM | |
| Topical term or geographic name as entry element | Women, Black |
| General subdivision | Social life and customs. |
| 700 1# - ADDED ENTRY--PERSONAL NAME | |
| Personal name | Hobson, Janell, |
| Dates associated with a name | 1973- |
| Relator term | editor. |
| 906 ## - LOCAL DATA ELEMENT F, LDF (RLIN) | |
| a | 7 |
| b | cbc |
| c | orignew |
| d | 1 |
| e | ecip |
| f | 20 |
| g | y-gencatlg |
| 942 ## - ADDED ENTRY ELEMENTS (KOHA) | |
| Source of classification or shelving scheme | |
| Koha item type | Hard Covered Materials |
| Classification part | HQ 1163 .R68 2021 |
| Withdrawn status | Lost status | Source of classification or shelving scheme | Damaged status | Not for loan | Home library | Current library | Shelving location | Date acquired | Source of acquisition | Total Checkouts | Full call number | Barcode | Date last seen | Price effective from | Koha item type |
|---|---|---|---|---|---|---|---|---|---|---|---|---|---|---|---|
| MACHAKOS UNIVERSITY LIBRARY | MACHAKOS UNIVERSITY LIBRARY | Open shelf | 17/07/2023 | Donation(falcon books) | HQ 1163 .R68 2021 | 39438 | 03/07/2023 | 17/07/2023 | Hard Covered Materials |